MDQL
is popping MORE tags! Check the
thread
!
Quizzes
Events
Quiz Creation
Community
Videos
Private Events
Remove Ads
Sign In
Join for FREE
Feedback
Dark Mode
Quiz Categories
Sports
Geography
Music
Movies
Television
Just For Fun
Miscellaneous
History
Literature
Language
Science
Gaming
Entertainment
Religion
Holiday
For Kids
Quiz Lab
Recent
Popular Today
Quiz Kudos Today
Editor Picks
Curator Picks
Quizzes by...
Day
Popularity
Type
Ratings
Length
Year
Community
Subscriptions
Recent Discussions
Orange Saloon
Badges
Playlists
Quests
Create
Leaderboards
Showdown
Live 5
Trivia Bingo
Activity
Puzzle Library
Sporcle Events
Private Events
Virtual Trivia
Globe League
Become a Host
Pub Owners
SporcleCon
Opinionation
Our Games
Videos
Blog
Mobile Apps
Partnerships
Remove Ads and Go Orange
Feedback
Movies
Disney
Marvel Cinematic Universe
Movie Resume
Movie Titles
Oscar
Actor
Actress
Director
Pixar
Role
Movie Quotes
Movie Characters
Box Office
Nominee
Best Picture
Star Wars
James Bond
Horror Movies
Movies
Disney
Marvel Cinematic Universe
Movie Resume
Movie Titles
Oscar
Actor
Actress
Director
Pixar
Role
Movie Quotes
Movie Characters
Box Office
Nominee
Best Picture
Star Wars
James Bond
Horror Movies
Random Quiz
Search Sporcle
×
Editor Pick
Editor Pick
Movies
Slideshow
Type answers based on single images at one time
Type answers based on single images at one time
Slideshow
Best Score? Go Orange.
Watchmojo's Top 10 Worst Movies That Deserve a Remake Stats
Can you name the movies listed on Watchmojo's two lists of the Top 10 Worst Movies That Deserve a Remake?
By
ghcgh
6m
20 Questions
1,967 Plays
1,967 Plays
1,967 Plays
Comments
Comments
Give Quiz Kudos
Give Quiz Kudos
-
- Ratings
hide this ad
Replay
Link that replays current quiz
Next Quiz
Link to next quiz in quiz playlist
You Got
0%
They Got
Avg Score
61%
Avg Friend Score
Upgrade to see
Score Distribution
Jump to the score distribution portion of the page
Score
0/20
Timer
06:00
0
Plays Today
% Correct
Catwoman
95.3%
Green Lantern
93.8%
Star Wars prequel trilogy
93%
The Lone Ranger
87.8%
Pearl Harbor
83.8%
The Last Airbender
82.2%
The Golden Compass
79.6%
The Green Hornet
77%
Super Mario Bros.
75.2%
The League of Extraordinary Gentlemen
74.1%
% Correct
Alexander
64.3%
Resident Evil
60.1%
Eragon
53.2%
Street Fighter
51.6%
Spawn
38.4%
Max Payne
36.5%
The Giver
28.8%
The Shadow
25.9%
Silent Hill
15.3%
Dungeons & Dragons
14%
Quiz Playlist
Details
Report
Send in Message
Add To Playlist
Slideshow:
Type answers based on single images at one time
Last Updated: Jul 2, 2018
Editor Pick in
Movies
Quiz Scoreboard
CHALLENGE
Sign Up to Join the Scoreboard
Show All
Scores
Hide
Comments
May contain spoilers
Recently Published
Two Season TV Shows II
by 123Four
Television
10m
Image Sorting: Flags VI
by Barbecue
Geography
2m
Find the 'City' Movie
by crazypaving
Movies
60s
More to Explore
Quiz From the Vault
Featured Blog Post
14 Easter Pick-up Lines to Find Eggs With
hide this ad
You Might Also Like...
Tags
Dream
Movie Remakes
Slideshow
Top 10
Worst
Today's Top Quizzes in Movies
Browse Movies
hide this ad
Today's Top Quizzes in Slideshow
Browse Slideshow
Top Contributed Quizzes in Movies
1
The ultimate James Bond movie quiz
2
Find The 'Big' Movie
3
Find The 'Wild' Movie
4
Find The 'Blue' Movie
5
Movies By Plot
6
Hidden Star Wars Character II
7
Pick 5 Posters: Directed by Spielberg
8
Hidden Star Wars Character III
9
Hidden Star Wars Character IV
10
25 Best Actor Nominees (1990s)
Explore More
Trending Topics
Anime
Marvel
Disney
NBA
Crossword
Harry Potter
Kpop
The Office
Country
Pokémon
Song
Puzzle
WWE
Soccer
NFL
hide this ad
More By:
ghcgh
Quiz
Plays
Rating
Category
Featured
Created
1990s Song Title Beginnings
155,660
4.58
Music
Aug 31, 2017
3 Movies, 1 Missing Word III
148,801
4.54
Movies
Mar 6, 2016
3 Movies, 1 Missing Word II
147,923
4.51
Movies
Dec 18, 2015
1980s Song Title Beginnings
139,855
4.68
Music
May 21, 2017
3 Songs, 1 Missing Word II
118,492
4.63
Music
Nov 4, 2015
Go to Creator's Profile
Score Distribution
Quiz Creator Spotlight
ghcgh
Follow
Send a Message
Quizzes Created
-
Created Quiz Play Count
-
More By This Creator
Popular Quizzes Today
1
Find the US States - No Outlines Minefield
2
Colored Red Africa Blitz
3
Find the 'City' Movie
4
5x2 Blitz: Bands
5
The Countries of the World
6
Find the Countries of Europe - No Outlines Minefield
7
Find the US States
8
US States
More Movies Quizzes
Movies by Plot
Published
Trending Quizzes
Colored Red Europe Blitz I
Colored Red Africa Blitz II
Colored Red Europe Blitz II
Colored Red Europe Blitz III
Colored Red Africa Blitz III
Recently Updated
How Do You Spell That?
pecheneg
Godzilla Movies
pecheneg
Grab Bag: 4-10 Letters
pecheneg
2024 March Madness Bracket
pecheneg
Famous TV Couples
Peacemaker
Champions League XIs: Real Madrid
pecheneg
Largest US Cities 1790-2010
pecheneg
Rides in Walt Disney World
pecheneg
Most Oscar Losses (Acting)
pecheneg
Beyoncé Albums
pecheneg
Trending Topics
Harry Potter
Kpop
Disney
NBA
Anime
Crossword
Marvel
WWE
Puzzle
Soccer
Song
Country
Pokémon
The Office
NFL
Your Account Isn't Verified!
In order to create a playlist on Sporcle, you need to verify the email address you used during registration. Go to your
Sporcle Settings
to finish the process.
Report this User
Report this user for behavior that violates our
Community Guidelines
.
Details:
Send Report
Go to the Sporcle.com Mobile Site →
Comments